| 000 | 00426nam a2200145Ia 4500 | ||
|---|---|---|---|
| 008 | 220216s9999 xx 000 0 und d | ||
| 100 | _aGeorge S | ||
| 245 | 0 | _aCocoa: A potential intercrop for mature rubber | |
| 260 | _bPreprints of Papers. International Natural Rubber Conference 13-14 November 2006, Vietnam, pp.400. | ||
| 650 | _aCocoa | ||
| 650 | _aIntercrop | ||
| 700 | _aMeti S | ||
| 700 | _aNair N U | ||
| 942 | _cJS | ||
| 999 |
_c55813 _d55813 |
||